| 000 | 00940nam a22003017a 4500 | ||
|---|---|---|---|
| 001 | 7162 | ||
| 003 | FISKH | ||
| 005 | 20251006095541.0 | ||
| 008 | 250630b cb ||||| |||| 00| 0 eng d | ||
| 020 | _a0439239222 | ||
| 040 |
_aFISKH _beng _cFISKH _dFISKH |
||
| 050 | _aPZ7.C5792 E | ||
| 082 | _a813 | ||
| 100 |
_aCleary, Beverly _d(1916–2021) |
||
| 245 |
_aEllen Tebbits / _cBeverly Cleary ; Illustrated by Louis Darling |
||
| 250 | _aThis edition first published in 2001 | ||
| 260 |
_aNew York : _bScholastic, _c1951 |
||
| 300 |
_a160 pages : _billustrations ; _c20 cm |
||
| 505 | _aJ | ||
| 520 | _aThe part of third grade Ellen Tebbits likes most is having Austine Allen for her best friend. | ||
| 521 | 8 |
_a500
_bLexile |
|
| 521 | 8 |
_aJ
_bRaz-Plus |
|
| 650 |
_2Chapter Book Series _aFriendship |
||
| 650 |
_2 Cleary _aBeverly Cleary |
||
| 700 |
_aDarling, Louis _dillustrator |
||
| 942 |
_2ddc _cBK _n0 |
||
| 999 |
_c7162 _d7162 |
||